Kyffhäuserkreis Quiz - Statistiken

Allgemein
  • Dieses Quiz wurde 3 mal gespielt
  • Das Durchschnittsergebnis liegt bei 3 aus 9
Antwortstatistiken
Hinweis Antwort % Korrekt
Welches Kennzeichen? KYF/SDH/ART
67%
Kreisstadt? Sondershausen
67%
Flächenmäßig größte Stadt? Sondershausen
67%
Angrenzende Landkreise(reicht einer)? Landkreis Nordhausen/Landkreis Sömmerda/Unstrut-Hainich-Kreis/Landkreis Eichsfeld/Landkreis Mansfeld-Südharz/Burgenlandkreis/Saalekreis
33%
Größter/Längster Fluss? Unstrut
33%
Wie groß ist der Kyffhäuserkreis? 1035cm^2
0%
Wie viele Städte und Gemeinden hat der Kreis? 28
0%
Wie viele Einwohner? 73,000
0%
Größter Fußballverein? FC Blau Weiß Bad Frankenhausen 1990
0%
Keine übereinstimmenden Quizze gefunden
Verteilung der Resultate
Anzahl Personen mit jedem Resultat
Perzentil nach korrekt beantworteten Fragen
Ihre Resultats-Entwicklung
Sie haben dieses Quiz noch nicht gespielt